000 00677nam a22001937a 4500
999 _c175692
_d175692
005 20200915150855.0
010 _aUR-10858
020 _c200.00
_a9789389733891
035 _aU-9413
037 _bDBAD/PUB
082 _a841
100 _aحا ذ ق فر يد
245 _aنقش کہن( طر حی غز لو ں کا مجمو عہ)
_cحا ذ ق فر يد
246 _bNaqsh-e-Kohan (Urdu)
_aby Dr. Hazique Fareed
260 _aN.Delhi
_bEducational Publishing House
_c2020 ء
270 _aH.O.D1/16,Ansari Road,Darya ganj,
_bN.Delhi
_e110002
_k45678285,23216162
_l0091-11-23211540
300 _a128 ص
_c22 Cm(Hb)
942 _2ddc
_cUR
_h841
_mح ا ذ